Logo CIB grande

Modern control engineering (Registro nro. 237809)

Detalles MARC
000 -LEADER
campo de control de longitud fija 00569nam a2200205Ia 4500
005 - FECHA Y HORA DE LA ÚLTIMA TRANSACCIÓN
campo de control 20250425162844.0
008 - DATOS DE LONGITUD FIJA--INFORMACIÓN GENERAL
campo de control de longitud fija 250425s9999 xx 000 0 und d
020 ## - NÚMERO INTERNACIONAL ESTÁNDAR DEL LIBRO
Número Internacional Estándar del Libro 9789332550162
041 ## - CÓDIGO DE IDIOMA
Código de lengua del texto/banda sonora o título independiente eng
082 ## - NÚMERO DE LA CLASIFICACIÓN DECIMAL DEWEY
Número de clasificación 629.8
Iniciales del Autor OGA
010 ## - NÚMERO DE CONTROL DE LA BIBLIOTECA DEL CONGRESO
Número de control de LC 114349
100 ## - ENTRADA PRINCIPAL--NOMBRE DE PERSONA
Nombre de persona Ogata, Katsuhiko
245 #0 - MENCIÓN DEL TÍTULO
Título Modern control engineering
Mención de responsabilidad, etc. Katsuhiko Ogata
250 ## - MENCION DE EDICION
Mención de edición Fifth edition, Fiftenth impression
260 ## - PUBLICACIÓN, DISTRIBUCIÓN, ETC.
Lugar de publicación, distribución, etc. Uttar Pradesh
Nombre del editor, distribuidor, etc. Pearson
Fecha de publicación, distribución, etc. 2022
300 ## - DESCRIPCIÓN FÍSICA
Extensión 904 páginas
Otras características físicas gráficos
Dimensiones 26 cm.
650 ## - PUNTO DE ACCESO ADICIONAL DE MATERIA--TÉRMINO DE MATERIA
Término de materia o nombre geográfico como elemento de entrada Control Automático
902 ## - ELEMENTOS DE DATOS B LOCAL, LDB (RLIN)
a Monográfico
c Impreso
942 ## - ELEMENTOS DE ENTRADA SECUNDARIOS (KOHA)
Tipo de ítem Koha Libros
Existencias
Estatus retirado Estado de pérdida Estado de daño No para préstamo Biblioteca de origen Biblioteca actual Fecha de adquisición Coste, precio normal de compra Etiqueta RFID Total de préstamos Código de barras Copia número Tipo de ítem Koha
        CENTRO DE INFORMACIÓN BIBLIOTECARIA CENTRO DE INFORMACIÓN BIBLIOTECARIA 28/03/2024 20.00 0000000000000000037297   D-108388 1 Libros

Copyright 2025 ESPOL. Todos los derechos reservados.